00601nam a22002057a 450000500170000001000130001702000220003003500130005203700160006504000120008108200210009310000180011424500570013226000480018927000480023730000200028550000510030565000200035665000190037620170124110000.0 aA-412616 a8171001971c29.00 aA-412616 bCen Lib/Ret aDPLbEN a344.0111734bPRA aPrakash, S.S. aBonded labour and social justice /cby S.S. Prakash  aNew Delhi bDeep & Deep Publications c1990 aD-1/24, rajouri garden bNew Delhi e110027 a124p.c21cm(Hb) aIncludes bibliographical references and index  aSocial justice  aBonded labour